|
|
|
|
| LEADER |
01007nam a2200253 a 4500 |
| 001 |
000027008 |
| 003 |
CZ BrMZK |
| 005 |
20080124110732.0 |
| 007 |
ta |
| 008 |
950707s1989 xr f cze d |
| 040 |
|
|
|a BOA001
|b cze
|
| 080 |
9 |
|
|a 378.6:7.05
|
| 100 |
1 |
|
|a Karasová, Daniela,
|d 1944-
|7 xx0001446
|4 aut
|
| 245 |
1 |
0 |
|a Návrhářské školy ve světě :
|b studie pro MP ČSR /
|c Daniela Karasová
|
| 260 |
|
|
|a Praha :
|b Ústav bytové a oděvní kultury,
|c 1989
|
| 300 |
|
|
|a 61 s.
|
| 504 |
|
|
|a Obsahuje bibliografii
|
| 910 |
|
|
|a BOA001
|b PK-N-0028.578
|b TK-A-0245.058
|b 4-0955.824
|
| 920 |
|
|
|a 000220168
|
| 964 |
|
|
|a Design průmyslový - výuka vysokoškolská - studie
|
| 990 |
|
|
|a BK
|
| 996 |
7 |
|
|b 2629993458
|c TK-A-0245.058
|l MZK
|r Sklad / do 24 hodin
|n 4
|w 000027008
|u 000020
|a 1
|e BOA001
|j MZK50
|s A
|
| 996 |
7 |
|
|b 3119992821
|c PK-N-0028.578
|l MZK
|r Sklad / do 1 hodiny
|n 9
|w 000027008
|u 000010
|a 1
|e BOA001
|j MZK50
|s A
|
| 996 |
6 |
|
|b BC-543416
|c 4-0955.824
|l MZK
|r Sklad / do 1 hodiny
|n 0
|w 000027008
|u 000030
|a 1
|e BOA001
|j MZK50
|s P
|